Na Dalekém východě /

Hlavní autor: Ivanov, Anatolij Vasil'jevič
Další autoři: Petr, Evžen, Urbánek, Ivan, 1933-1994
Jazyk: Čeština
Vydáno: Praha : Práce, 1958
Vydání: 1. vyd.
Edice: Románové novinky
Fyzický popis: 316 s. : il. ; 8°
Knihy
Uloženo v:
LEADER 01037nam a22003132a 4500
001 001421875
003 CZ BrMZK
005 20141218142333.0
007 ta
008 140922s1958 xr a er|||||||||||cze d
015 |a cnb000682923 
035 |a (OCoLC)85460315 
040 |a ABA001  |b cze  |c KLG001  |d ABA001  |d BOA001 
041 1 |a cze  |h rus 
100 1 |a Ivanov, Anatolij Vasil'jevič  |4 aut 
245 1 0 |a Na Dalekém východě /  |c Anatolij Ivanov ; z ruského originálu ... přeložil Evžen Petr ; ilustrace Ivan Urbánek 
250 |a 1. vyd. 
260 |a Praha :  |b Práce,  |c 1958 
300 |a 316 s. :  |b il. ;  |c 8° 
490 1 |a Románové novinky ;  |v sv. 121 
500 |a 40250 výt. 
700 1 |a Petr, Evžen  |7 jk01092730  |4 trl 
700 1 |a Urbánek, Ivan,  |d 1933-1994  |7 jo2003193208  |4 ill 
765 0 |t Na Dal'nem Vostoke  |9 Česky 
830 0 |a Románové novinky  |0 s 
910 |a BOA001  |b 2-0405.948 
990 |a BK 
991 |b 201409 
996 6 |b 2619124781  |c 2-0405.948  |l MZK  |r Sklad / do 24 hodin  |n 0  |w 001456929  |u 000010  |a 1  |e BOA001  |j MZK50  |s P